| 000 | 00528nam a2200181Ia 4500 | ||
|---|---|---|---|
| 999 |
_c29152 _d29152 |
||
| 003 | OSt | ||
| 005 | 20201214150658.0 | ||
| 008 | 190216s9999||||xx |||||||||||||| ||und|| | ||
| 020 | _a9788126415311 | ||
| 040 | _coclc | ||
| 082 |
_a894.8124 _bGEE/P |
||
| 100 |
_aGeethamma, V G _97246 |
||
| 245 | 0 |
_aPolymer Jeevanu, Jeevithathinu Paristhithikku / _cV G Geethamma |
|
| 260 |
_bDc Books, _a Kottayam; _c2007. |
||
| 300 | _a124p | ||
| 650 | _aLekhanam | ||
| 942 |
_cBK _2ddc _h894.8124 _iGEE/P _k894.8124 _mGEE/P |
||